CS2 - Perfect World Shanghai Major 2024 - All teams and players - Statistics

General Stats
  • This quiz has been taken 44 times
  • The average score is 76 of 144
Answer Stats
Hint Answer % Correct
2nd chopper
100%
12-14th donk
100%
15-16th FaZe
100%
G2
100%
3-4th sh1ro
100%
1st Spirit
100%
broky
95%
huNter-
95%
17-19th karrigan
95%
Liquid
95%
m0NESY
95%
20-22nd rain
95%
ropz
95%
9-11th zont1x
95%
23-24th frozen
90%
5-8th magixx
90%
MOUZ
90%
NiKo
90%
Vitality
90%
apEX
86%
Brollan
86%
flameZ
86%
FURIA
86%
Natus Vincere
86%
Jimpphat
81%
jL
81%
malbsMd
81%
siuhy
81%
Spinx
81%
The MongolZ
81%
Virtus.pro
81%
xertioN
81%
ZywOo
81%
b1t
76%
Heroic
76%
iM
76%
mezii
76%
Snax
76%
w0nderful
76%
Aleksib
71%
Complexity
71%
EliGE
71%
fnatic
71%
MIBR
71%
NAF
71%
torzsi
71%
Twistzz
71%
910
67%
BIG
67%
jks
67%
ultimate
67%
3DMAX
62%
FalleN
62%
FlyQuest
62%
Grim
62%
KSCERATO
62%
degster
57%
Rare Atom
57%
TeSeS
57%
YEKINDAR
57%
bLitz
52%
electroNic
52%
fame
52%
Imperial
52%
Jame
52%
kyxsan
52%
mzinho
52%
NertZ
52%
paiN
52%
Senzu
52%
Techno
52%
Cloud9
48%
FL1T
48%
GamerLegion
48%
hallzerk
48%
INS
48%
JDC
48%
syrsoN
48%
tabseN
48%
Wildcard
48%
yuurih
48%
biguzera
43%
blameF
43%
dexter
43%
drop
43%
Krimbo
43%
sjuush
43%
chelo
38%
HeavyGod
38%
insani
38%
KRIMZ
38%
Liazz
38%
Lucaozy
38%
Lucky
38%
Maka
38%
n0rb3r7
38%
skullz
38%
snow
38%
Sonic
38%
stanislaw
38%
bodyy
33%
ICY
33%
JT
33%
Passion UA
33%
saffee
33%
VINI
33%
aliStair
29%
Ax1Le
29%
Boombl4
29%
Djoko
29%
exit
29%
fear
29%
FL4MUS
29%
Graviti
29%
nawwk
29%
rigoN
29%
somebody
29%
Vexite
29%
Ex3rcice
24%
felps
24%
floppy
24%
jambo
24%
JBa
24%
nqz
24%
phzy
24%
susp
24%
decenty
19%
interz
19%
kauez
19%
MATYS
19%
Summer
19%
jackasmo
14%
kaze
14%
lux
14%
s-chilla
14%
sl3nd
14%
Tauson
14%
try
14%
ztr
14%
ChildKing
10%
L1haNg
10%
noway
10%
zeRRoFIX
10%
volt
5%
No matching quizzes found
Score Distribution
Percent of People with Each Score
Percentile by Number Answered
Your Score History
You have not taken this quiz